Geografía general del comercio y de las comunicaciones (Registro nro. 6163)

Detalles MARC
000 -LEADER
fixed length control field 01787 a2200193 4500
001 - CONTROL NUMBER
control field 57171
005 - DATE AND TIME OF LATEST TRANSACTION
control field 20260407155834.0
008 - FIXED-LENGTH DATA ELEMENTS--GENERAL INFORMATION
fixed length control field 260407a1959 arg spa d
003 - CONTROL NUMBER IDENTIFIER
control field AR-UNSa-BCEJYS
040 ## - CATALOGING SOURCE
Original cataloging agency AR-UNSa-BCEJYS
Language of cataloging spa
Transcribing agency AR-UNSa-BCEJYS
080 ## - UNIVERSAL DECIMAL CLASSIFICATION NUMBER
Universal Decimal Classification number 911.3:33
Common auxiliary subdivision Geografía económica
100 1# - MAIN ENTRY--PERSONAL NAME
Personal name Otremba, Erich
245 10 - TITLE STATEMENT
Title Geografía general del comercio y de las comunicaciones
264 #1 - PRODUCTION, PUBLICATION, DISTRIBUTION, MANUFACTURE, AND COPYRIGHT NOTICE
Place of production, publication, distribution, manufacture Barcelona :
Name of producer, publisher, distributor, manufacturer Ediciones Omega
Date of production, publication, distribution, manufacture, or copyright notice 1959
300 ## - PHYSICAL DESCRIPTION
Extent 455 p.
Dimensions 25 cm.
505 ## - FORMATTED CONTENTS NOTE
Formatted contents note Primera parte. Fundamento geográfico del comercio y de las comunicaciones mundiales y teoría de su dinamismo: 1. Evolución histórica, fundamento teórico y métodos de trabajo – 2. El factor humano en la dinámica del comercio y las comunicaciones de la tierra – 3. Modalidades de las comunicaciones en lo que concierne al desplazamiento de personas – 4. La necesidad humana de bienes promotora de las comunicaciones de carácter económico – Segunda parte. Los elementos constitutivos del espacio comercial y de las comunicaciones del mundo en cuanto dependen de las condiciones geográficas y económicas: 1. Las vías de comunicación en el espacio geográfico – 2. El mercado como lugar de comercio y de comunicaciones – 3. Mercancías e informaciones a través del mundo – Tercera parte. Los espacios económicos de la tierra en su estructura geográfica de comercio y comunicaciones y en sus conexiones: 1. Los espacios naturales de la tierra como objeto de estudio de la geografía del comercio y de las comunicaciones – 2. Los estados de la tierra en su estructura comercial y de comunicaciones – 3. La división del espacio comercial y de comunicaciones de la tierra según el aprovechamiento de las mismas
590 ## - LOCAL NOTE (RLIN)
Local note niveau_biblio:m niveau_hierar:0
942 ## - ADDED ENTRY ELEMENTS (KOHA)
Koha item type
Existencias
Withdrawn status Lost status Damaged status Not for loan Home library Current library Shelving location Date acquired Total checkouts Full call number Barcode Date last seen Price effective from Koha item type
        Biblioteca Prof. Eusebio Cleto del Rey Biblioteca Prof. Eusebio Cleto del Rey   07/04/2026   911.3:33 O87 v.4 L20384 07/04/2026 07/04/2026 Libro
        Biblioteca Prof. Eusebio Cleto del Rey Biblioteca Prof. Eusebio Cleto del Rey   07/04/2026   911.3:33 O87 v.4 L21574 07/04/2026 07/04/2026 Libro
        Biblioteca Prof. Eusebio Cleto del Rey Biblioteca Prof. Eusebio Cleto del Rey   07/04/2026   911.3:33 O87 v.4 L21575 07/04/2026 07/04/2026 Libro